Kyberšikana : pracovní materiály pro učitele a žáky i studenty /

Hlavní autor: Rogers, Vanessa, 1963-
Jazyk: Čeština
Vydáno: Praha : Portál, 2011
Vydání: Vyd. 1.
Témata:
Fyzický popis: 97 s. : il. ; 23 cm
Knihy
Uloženo v:
LEADER 01656nam a2200445 a 4500
001 nkc20112200485
003 CZ PrNK
005 20221128075953.0
007 ta
008 110701s2011 xr a e f 000 0 cze
015 |a cnb002200485 
020 |a 978-80-7367-984-2  |q (brož.) 
035 |a (OCoLC)757677445 
040 |a ABA001  |b cze 
041 1 |a cze  |h eng 
072 7 |a 364  |x Sociální problémy vyžadující podporu a pomoc. Sociální zabezpečení  |2 Konspekt  |9 18 
080 |a 316.346.32-053.2  |2 MRF 
080 |a 364.636:004  |2 MRF 
080 |a (0.062)  |2 MRF 
080 |a (072)  |2 MRF 
100 1 |a Rogers, Vanessa,  |d 1963-  |7 jo2011655075  |4 aut 
245 1 0 |a Kyberšikana :  |b pracovní materiály pro učitele a žáky i studenty /  |c Vanessa Rogers ; [z anglického originálu ... přeložil Ondřej Vágner] 
250 |a Vyd. 1. 
260 |a Praha :  |b Portál,  |c 2011 
300 |a 97 s. :  |b il. ;  |c 23 cm 
650 0 7 |a děti a mládež  |7 ph119707  |2 czenas 
650 0 7 |a kyberšikana  |7 ph648379  |2 czenas 
650 0 9 |a children and youth  |2 eczenas 
650 0 9 |a cyberbullying  |2 eczenas 
655 7 |a populárně-naučné publikace  |7 fd131864  |2 czenas 
655 7 |a metodické příručky  |7 fd132826  |2 czenas 
655 9 |a popular works  |2 eczenas 
655 9 |a methodological manuals  |2 eczenas 
765 0 |t Cyberbullying  |9 Česky 
910 2 |a BOA001  |b 2-1271.883 
990 |a BK 
995 |a 01 
991 |b 201109  |c NOV  |e n 
996 6 |b 2610488204  |c 2-1271.883  |l MZK  |r Sklad / do 1 hodiny  |n 73  |p p.v.  |w 001202356  |u 000010  |a 1  |e BOA001  |j MZK50  |s P 
996 7 |b 2610923495  |c 2-1271.883  |l Vol.výběr  |r VV 0p  |n 8  |p kup  |h 364 ROG  |w 001202356  |u 000020  |a 0  |e BOA001  |j MZK50  |s A